Normal view
MARC view
- PEATMAN,B.JOHN
Entry Personal Name
001 - CONTROL NUMBER
- control field: 91525
003 - CONTROL NUMBER IDENTIFIER
- control field: NUST
005 - DATE AND TIME OF LATEST TRANSACTION
- control field: 20220512111203.0
008 - FIXED-LENGTH DATA ELEMENTS
- fixed length control field: 220512|| aca||aabn | a|a d
040 ## - CATALOGING SOURCE
- Original cataloging agency: NUST
- Transcribing agency: NUST
100 ## - HEADING--PERSONAL NAME
- Personal name: PEATMAN,B.JOHN
670 ## - SOURCE DATA FOUND
- Source citation: Work cat.: (NUST): PEATMAN,B.JOHN., DESIGN WITH PIC MICROCONTROLLERS /, 1998.
